00940cam a22002411 450000100060000000300080000600500170001400800410003103500190007203500190009104000430011004100080015308200250016110000450018624501030023126000390033430000550037350001380042850400500056665000290061665000280064570000250067334488BD-RjUL20211209052152.0140517s1959 nyua b 001 0 eng d a(BD-RjUL)34582 a(OCoLC)1540551 aDLCcFU-LdCSdC-LdOCoLCdBD-RjULbeng aeng a312.450973bJAA 19591 aJacobson, Paul H.q(Paul Harold),d1912-10aAmerican marriage and divorce /c[by] Paul H. Jacobson, in collaboration with Pauline F. Jacobson. aNew York :bRinehart & Co.,c1959. axviii, 188 p. :bdiagrs., forms, tables. ;c26 cm. a"The initial version of the introduction and chapters 1-3 ... was used as the author's doctoral dissertation at Columbia University." aIncludes index and Bibliographical footnotes. 0aMarriagezUnited States. 0aDivorcezUnited States. a Pauline F. Jacobson